Statistics for Top 50 Countries With The Oldest People

Click here to take the quiz!

General Stats

  • This quiz has been taken 38 times
  • The average score is 40 of 50

Answer Stats

YearsCountry% Correct
42.7Denmark
94%
48.7Japan
94%
41.8Russia
94%
42.0Sweden
94%
41.9United Kingdom
94%
42.3Belgium
91%
55.4Monaco
91%
42.9Poland
91%
44.6Spain
91%
44.5Estonia
89%
43.6Finland
89%
42.1France
89%
46.3Germany
89%
44.3Hungary
89%
44.7Latvia
89%
44.0Liechtenstein
89%
43.6Netherlands
89%
41.8Norway
89%
45.6Portugal
89%
42.8Canada
86%
44.5Croatia
86%
47.8Greece
86%
48.6Italy
86%
45.2Lithuania
86%
43.9Serbia
86%
42.3Ukraine
86%
46.6Andorra
83%
40.7Ireland
83%
43.6Romania
83%
45.7San Marino
83%
45.3Slovenia
83%
43.4Switzerland
83%
44.9Austria
80%
41.9Belarus
80%
43.7Czech Republic
80%
41.7Luxembourg
80%
41.8Montenegro
80%
41.2North Macedonia
80%
43.7South Korea
80%
44.3Bulgaria
77%
42.5Slovakia
77%
43.7Bosnia and Herzegovina
74%
43.2Malta
74%
41.1China
71%
43.3Taiwan
69%
41.6Thailand
49%
41.1Georgia
43%
43.4Cuba
40%
40.8United Arab Emirates
40%
41.4Barbados
26%

Score Distribution

Percentile by Number Answered

Percent of People with Each Score

Your Score History

You have not taken this quiz